| 000 | 00549nam a2200169Ia 4500 | ||
|---|---|---|---|
| 003 | GCL | ||
| 008 | 140319s9999 xx 000 0 eng d | ||
| 040 |
_aGCL / _cGCL |
||
| 082 | 0 | 4 |
_a025.06 _bR S |
| 100 | 1 | _aRENEHAN, EDWARD J | |
| 245 | 1 | 0 |
_aSCIENCE ON THE WEP: A CONNOISSEUR'S GUIDE TO OVER 500 OF THE BEST, MOST USEFUL AND MOST FUN SCIENCE WEBSITES / _cRENEHAN, EDWARD J |
| 260 |
_a[S.N] : _bSPRINGER - VERLAG ، _c1996 |
||
| 300 | _a382 P | ||
| 650 | 0 | 4 | _aSCIENCE - COMPUTER NETWORK |
| 650 | 0 | 4 | _aINFORMATION RETRIEVEL SYSTEM |
| 942 |
_2ddc _cBK |
||
| 999 |
_c13137 _d13137 |
||